000
00273nam a22001217a 4500
008
181022b xxu||||| |||| 00| 0 eng d
041
_a
eng
080
_a
611
100
_a
6
101
_a
ANA
245
_a
Functional Anatomy of the Newborn
_c
Crelin,E.S
942
_2
udc
_c
BK
999
_c
50401
_d
50401